000 00594nam a2200241Ia 4500
003 OSt
005 20220918214640.0
006 a|||||r|||| 00| 0
007 ta
008 220917b |||||||| |||| 00| 0 eng d
024 _a138,519
037 _cTextual
040 _aARTS
_cARTS
_beng
041 _2eng
_aeng
082 _aY:1.1, L7
100 _aWhitehouse Ruth
245 0 _aFirst cities
260 _aOxford
_bPhaidon UK
_c1977
300 _a207p. illus
_ccm.
650 _aSOCIOLOGY
942 _hY:1.1, L7
_cTEXL
_2CC
999 _c261570
_d261570